000 00526ntaaa2200193 4500
003 01
005 20251027201650.0
008 0714s1973 ag 01
040 _aAR-BaBN
_bspa
_cAR-BaBN
_eaacr
_dRIC
082 _a232.9000 G76
100 _aGrant, Robert M
_95522
245 _aThe earliest lives of Jesus
250 _a1 ed.
260 _aNew York :
_bHarper Brothers,
_cc1961
300 _a134 p
650 _aJesucristo-vida de
_95253
650 _aOrĂ­genes-sus escritos sobre la vida de Jesucristo
_915344
942 _cBK
999 _c11373
_d11373